The triumph of the Holy See : a short history of the papacy in the nineteenth century /

Bibliographic Details
Main Author: Holmes, J. Derek
Format: Book
Language:English
Published: London : Shepherdstown : Burns & Oates ; Patmos, 1978.
Subjects:

MARC

Tag First Indicator Second Indicator Subfields
LEADER 00000cam a2200000 a 4500
001 in00000095557
005 20150923173657.0
008 790228s1978 enkacf b 00110deng d
010 |a  78018616  
020 |a 0860120678 (UK) 
020 |a 0915762064 (USA) 
035 |a (OCoLC)04697117 
035 |9 AAK8203AM 
040 |a DCU  |c DCU  |d UMK  |d OCL  |d m.c.  |d OCL  |d TXA  |d UtOrBLW 
049 |a TXAM  |c [1655947] 
090 |a BX955.2  |b  H6 
100 1 |a Holmes, J. Derek. 
245 1 4 |a The triumph of the Holy See :  |b a short history of the papacy in the nineteenth century /  |c J. Derek Holmes. 
264 1 |a London :  |b Burns & Oates ;  |a Shepherdstown :  |b Patmos,  |c 1978. 
300 |a 306 pages, 1 unnumbered page of plates :  |b illustrations, portraits ;  |c 23 cm 
336 |a text  |b txt  |2 rdacontent 
337 |a unmediated  |b n  |2 rdamedia 
338 |a volume  |b nc  |2 rdacarrier 
500 |a Includes index. 
504 |a Bibliography: pages 292-297. 
650 0 |a Papacy  |x History. 
999 |a MARS 
999 f f |s 3a1e1017-590c-3b2d-abdd-6a34db97a550  |i 312269f2-e36a-3075-8b02-05747a3eb38c  |t 0 
952 f f |p ric  |a Texas A&M University  |b Rellis Campus  |c Joint Library Facility  |d Remote Storage  |t 0  |e BX955.2 H6  |h Library of Congress classification  |i unmediated -- volume  |m A14806027780 
998 f f |a BX955.2 H6  |t 0  |l Remote Storage